000 00650nam a2200193Ia 4500
003 GCL
008 140319s9999 xx 000 0 ara d
040 _aGCL /
_cGCL
082 0 4 _aق
_b738.38
_bم ز
100 1 _aمحمود السطوحى
245 1 0 _aالزخارف الشعبية على مقابر الهو /
_cمحمود السطوحى
260 _a[S.N] :
_bالمجلس الاعلى لرعاية الفنون والاداب ،
_c1968
300 _a174 ص ؛
_c19سم
650 0 4 _aالاثار الفرعونية
650 0 4 _aالزخرفة
650 0 4 _aالاقصر، مقابر
650 0 4 _aمقابر الهو
942 _2ddc
_cBK
999 _c53280
_d53280